000 01221cam a2200301 a 4500
001 3055103
003 OSt
005 20241029092422.0
008 961121s1997 enka b 001 0 eng
010 _a 96049967
020 _a0750632658 (v. 1)
020 _a0750632658
040 _aDLC
_cmust
_dDLC
050 0 0 _aTA405
_b.H3 1997
082 0 0 _a620.1 HEA 1997
_221
100 1 _aHearn, E. J.
_q(Edwin John)
_919289
245 1 0 _aMechanics of materials :
_ban introduction to the mechanics of elastic and plastic deformation of solids and structural materials /
_cE.J. Hearn.
250 _a3rd ed.
260 _aOxford ;
_aBoston :
_bButterworth-Heinemann,
_c1997.
300 _a2, v. :
_bill. ;
_c25 cm.
504 _aIncludes bibliographical references and indexes.
650 0 _aStrength of materials.
_915033
856 4 2 _3Publisher description
_uhttp://www.loc.gov/catdir/description/els032/96049967.html
856 4 1 _3Table of contents
_uhttp://www.loc.gov/catdir/toc/els032/96049967.html
906 _a7
_bcbc
_corignew
_d1
_eocip
_f19
_gy-gencatlg
942 _2ddc
_cB_BANK
999 _c9457
_d9457